Biblioteca

El mapa del caos (Registro nro. 69195)

Detalles MARC
000 -LÍDER
Campo fijo de descripción fija 02054aam a2200349 i 4500
001 - NÚMERO DE CONTROL
Campo de control 768714001
003 - IDENTIFICADOR DEL NÚMERO DE CONTROL
Campo de control CO-MdFUSB
005 - FECHA Y HORA DE LA ULTIMA TRANSACCIÓN
control field 20250711165936.0
007 - CAMPO FIJO DE DESCRIPCIÓN FIJA--INFORMACIÓN GENERAL
Campo fijo de descripción fija ta
008 - ELEMENTOS DE LONGITUD FIJA -- INFORMACIÓN GENERAL
Campo fijo de descripción fija -- Información general 231023t2014 spa||||g |||| 00| 0 spa d
020 ## - NÚMERO INTERNACIONAL NORMALIZADO PARA LIBROS
Número Internacional Normalizado del libro 978-84-01-34345-2
040 ## - FUENTE DE CATALOGACIÓN
Agencia de catalogación original CO-MdFUSB
Idioma de catalogación spa
Agencia que realiza la transcripción CO-MdFUSB
Agencia que realiza la modificación CO-MdFUSBC
Convenciones de la descripción rda
041 ## - CÓDIGO DE IDIOMA
Código de idioma para texto/pista de sonido o título separado spa
082 ## - NÚMERO DE CLASIFICACIÓN DECIMAL DEWEY
Número de la edición del Dewey 23
Número de clasificación 863.64831
Clave de autor-Numero de item P171
100 ## - ASIENTO PRINCIPAL--NOMBRE PERSONAL
Nombre personal Palma, Félix J,
Término relacionador autor
245 #3 - TÍTULO
Título del Material El mapa del caos
Mención de responsabilidad, etc. / Félix J. Palma
250 ## - MENCIÓN DE EDICIÓN
Mención de edición Primera edición
264 #1 - PRODUCCIÓN, PUBLICACIÓN, DISTRIBUCIÓN, MANUFACTURA, Y COPYRIGHT
Lugar de producción, publicación, distribución, manufactura Barcelona, España :
Nombre del productor, publicador, distribuidor Plaza y Janés,
Fecha de producción, publicación, distribución, manufactura, o copyright [2014]
264 #4 - PRODUCCIÓN, PUBLICACIÓN, DISTRIBUCIÓN, MANUFACTURA, Y COPYRIGHT
Fecha de producción, publicación, distribución, manufactura, o copyright ©2014
300 ## - DESCRIPCIÓN FÍSICA
Extensión 665 páginas
Dimensiones ; 24 cm
336 ## - TIPO DE CONTENIDO
Fuente rdacontent
Término de tipo de contenido texto
Código de tipo de contenido txt
337 ## - TIPO DE MEDIO
Fuente rdamedia
Nombre del tipo de medio sin mediación
Código del tipo de medio n
338 ## - TIPO DE SOPORTE
Fuente rdacarrier
Nombre del tipo de soporte volumen
Código Tipo de soporte nc
520 ## - NOTA DE RESUMEN, ETC.
Nota de sumario, etc. ¿Y si la muerte pudiera deshacerse?<br/>Cuando muere la mujer a quien ama, el protagonista de esta historia hará todo lo posible para hablar con ella por última vez. En el Londres victoriano, en pleno apogeo del espiritismo, una sesión con el mejor médium de la historia se presenta como la única solución, pero en ella se desencadenarán terribles y desconocidas fuerzas. El mundo entero está en peligro, y su salvación reside en un misterioso libro titulado El mapa del caos. Si nuestro protagonista no lo encuentra, jamás podrá llegar hasta su amada, pues incluso el Más Allá dejará de existir. Para ello contará con la inestimable ayuda de Arthur Conan Doyle, el padre de Sherlock Holmes; de Lewis Carroll, el autor de Alicia en el País de las Maravillas, y, por supuesto, de H.G. Wells, cuyo hombre invisible tal vez haya escapado de las páginas de su famosa novela para sembrar el caos. Solo ellos pueden descubrir la forma de salvar el mundo; solo ellos pueden encontrar el camino para reunir a los amantes separados por la muerte... El camino a través de los espejos.
563 ## - NOTA DE ENCUADERNACIÓN
Nota de encuadernación Pasta dura.
650 #7 - ASIENTO SECUNDARIO DE MATERIA - TERMINO TEMÁTICO
Término temático o nombre geográfico como elemento de entrada Literatura española
Fuente del encabezamiento o término embne
9 (RLIN) 7089
653 ## - TÉRMINO DE INDIZACIÓN - NO CONTROLADO
Término no controlado Ciencia ficción española
653 ## - TÉRMINO DE INDIZACIÓN - NO CONTROLADO
Término no controlado Siglo XXI
653 ## - TÉRMINO DE INDIZACIÓN - NO CONTROLADO
Término no controlado Literatura fantástica
942 ## - TIPO DE MATERIAL (KOHA)
Tipo de Item KOHA Libros General
945 ## - INFORMACIÓN LOCAL DEL REGISTRO
Catalogador sor1564
Existencias
Estado de Material Estado de Perdido Forma de Clasificación Estado de Dañado No para Préstamo Colección Biblioteca de Origen Biblioteca Permanente Fecha de Adquisición Área Total de Préstamos Signatura Topográfica Código de Barras Última vez visto Ejemplar/Existencia Fecha de Remplazo Tipo de Material
    Dewey Decimal Classification     Colección General Biblioteca FUSBC Biblioteca FUSBC 23/10/2023 LITERATURA   G 863.64831 P171m 22400 23/10/2023 Ej. 1 23/10/2023 Libros General

Biblioteca FUSBC | Teléfono: (57+4) 349 88 10 Ext. 141| WhatsApp (+57) 3005338115 
E-mail: biblioteca@unisbc.edu.co | Calle 76 87-14 Robledo Palenque, Medellín, Colombia

Con tecnología Koha